[Event "POL ch 44"]
[Site "Wroclaw"]
[Date "1987.??.??"]
[Round "4"]
[White "Panczyk, Krzysztof"]
[Black "Staniszewski, Piotr"]
[Result "1-0"]
[WhiteElo "2410"]
[BlackElo "2420"]
[PlyCount "81"]
[EventDate "1987.??.??"]
[Source "Polbase"]
[SourceDate "1999.10.27"]

1. d4 Nf6 2. c4 g6 3. Nf3 Bg7 4. g3 O-O 5. Bg2 c5 6. O-O cxd4 7. Nxd4 d6 8. Nc3
Qa5 9. Qd2 Qc5 10. b3 Ne4 11. Bxe4 Qxd4 12. Qxd4 Bxd4 13. Bd2 Na6 14. Rac1 Nc7
15. Rfd1 Bg7 16. Nd5 Nxd5 17. cxd5 Rd8 18. Be3 Kf8 19. Bd3 e6 20. dxe6 Bxe6 21.
Rc7 b6 22. Ba6 d5 23. Bg5 f6 24. Be3 Re8 25. Rdc1 f5 26. Bf4 Red8 27. R1c6 Re8
28. Bb5 a6 29. Bd3 b5 30. Rb6 Bc8 31. a4 bxa4 32. bxa4 Kg8 33. h4 Rf8 34. Rd6
d4 35. a5 Kh8 36. Bc4 Re8 37. Bd5 Rb8 38. Rb6 d3 39. exd3 Re1+ 40. Kh2 Rb1 41.
Rxb1 1-0

[Event "POL ch 44"]
[Site "Wroclaw"]
[Date "1987.??.??"]
[Round "4"]
[White "Schmidt, Wlodzimierz"]
[Black "Dejkalo, Stefan"]
[Result "1/2-1/2"]
[WhiteElo "2470"]
[BlackElo "2395"]
[PlyCount "21"]
[EventDate "1987.??.??"]
[Source "Polbase"]
[SourceDate "1999.10.27"]

1. d4 e6 2. e4 d5 3. Nc3 Nc6 4. Nf3 Nf6 5. e5 Ne4 6. Bd3 Bb4 7. Bd2 Bxc3 8.
bxc3 b6 9. O-O Bb7 10. Re1 Nxd2 11. Nxd2 1/2-1/2

[Event "POL ch 44"]
[Site "Wroclaw"]
[Date "1987.??.??"]
[Round "4"]
[White "Skrobek, Ryszard"]
[Black "Pinkas, Karol"]
[Result "1/2-1/2"]
[WhiteElo "2410"]
[BlackElo "2405"]
[PlyCount "48"]
[EventDate "1987.??.??"]
[Source "Polbase"]
[SourceDate "1999.10.27"]

1. e4 e5 2. Nf3 Nc6 3. Nc3 Nf6 4. d4 exd4 5. Nd5 Be7 6. Bf4 d6 7. Nxd4 O-O 8.
Nb5 Nxd5 9. exd5 Nb4 10. c3 a6 11. Na3 Re8 12. Be2 Bh4 13. Nc4 Bg4 14. Ne3 Bxe2
15. Kxe2 Qd7 16. g3 Bf6 17. h4 Qb5+ 18. Kf3 Rxe3+ 19. Bxe3 Nxd5 20. Qd2 Qc6 21.
Kg4 Qd7+ 22. Kf3 Qc6 23. Kg4 Qd7+ 24. Kf3 Qc6 1/2-1/2

[Event "POL ch 44"]
[Site "Wroclaw"]
[Date "1987.??.??"]
[Round "4"]
[White "Tomaszewski, Roman"]
[Black "Sygulski, Artur"]
[Result "1/2-1/2"]
[WhiteElo "2380"]
[BlackElo "2400"]
[PlyCount "25"]
[EventDate "1987.??.??"]
[Source "Polbase"]
[SourceDate "1999.10.27"]

1. d4 Nf6 2. c4 g6 3. Nc3 Bg7 4. e4 d6 5. Nf3 O-O 6. Be2 e5 7. dxe5 dxe5 8.
Qxd8 Rxd8 9. Bg5 Re8 10. h3 c6 11. O-O-O Nbd7 12. Be3 Bf8 13. Nd2 1/2-1/2

[Event "POL ch 44"]
[Site "Wroclaw"]
[Date "1987.??.??"]
[Round "5"]
[White "Hawelko, Marek"]
[Black "Adamski, Jan"]
[Result "1-0"]
[WhiteElo "2460"]
[BlackElo "2420"]
[PlyCount "63"]
[EventDate "1987.??.??"]
[Source "Polbase"]
[SourceDate "1999.10.27"]

1. e4 c5 2. Nf3 e6 3. d4 cxd4 4. Nxd4 a6 5. Bd3 Nf6 6. O-O d6 7. c4 Bd7 8. Nc3
Nc6 9. Be3 Be7 10. f4 Nxd4 11. Bxd4 e5 12. fxe5 dxe5 13. Bxe5 Ng4 14. Bf4 Bc5+
15. Kh1 Nf2+ 16. Rxf2 Bxf2 17. Nd5 O-O 18. Qf3 Bd4 19. Rd1 f6 20. e5 Bxe5 21.
Qh5 g6 22. Bxg6 hxg6 23. Qxg6+ Kh8 24. Qh5+ Kg8 25. Qg6+ Kh8 26. Rd3 Qe8 27.
Qh6+ Kg8 28. Rg3+ Kf7 29. Rg7+ Ke6 30. Bxe5 Kxe5 31. Qf4+ Ke6 32. Nc7# 1-0

[Event "POL ch 44"]
[Site "Wroclaw"]
[Date "1987.??.??"]
[Round "5"]
[White "Kuczynski, Robert"]
[Black "Panczyk, Krzysztof"]
[Result "1/2-1/2"]
[WhiteElo "2450"]
[BlackElo "2410"]
[PlyCount "46"]
[EventDate "1987.??.??"]
[Source "Polbase"]
[SourceDate "1999.10.27"]

1. e4 e5 2. Nf3 Nc6 3. Bc4 Nf6 4. d3 Bc5 5. c3 O-O 6. O-O d5 7. exd5 Nxd5 8. b4
Be7 9. Re1 Bf6 10. b5 Na5 11. Nxe5 Nxc4 12. dxc4 Nb6 13. Qxd8 Rxd8 14. Bf4 Be6
15. Na3 Kf8 16. Rac1 Be7 17. Nc2 Nxc4 18. Nd4 Bd5 19. Nxc4 Bxc4 20. Bxc7 Rd7
21. Be5 Bxa2 22. Nf5 f6 23. Bd4 Kf7 1/2-1/2

[Event "POL ch 44"]
[Site "Wroclaw"]
[Date "1987.??.??"]
[Round "5"]
[White "Maciejewski, Miroslaw"]
[Black "Bany, Jerzy"]
[Result "0-1"]
[WhiteElo "2285"]
[BlackElo "2430"]
[PlyCount "38"]
[EventDate "1987.??.??"]
[Source "Polbase"]
[SourceDate "1999.10.27"]

1. d4 d5 2. c4 c6 3. Nf3 dxc4 4. Nc3 e6 5. Ne5 b5 6. g3 Bb7 7. Bg2 a6 8. a4 Nf6
9. Bg5 Qb6 10. O-O Nfd7 11. f4 h6 12. Nxd7 Nxd7 13. Bh4 b4 14. Ne4 c5 15. f5
exf5 16. a5 Qe6 17. Nxc5 Nxc5 18. Bh3 Qe3+ 19. Rf2 Nb3 0-1

[Event "POL ch 44"]
[Site "Wroclaw"]
[Date "1987.??.??"]
[Round "5"]
[White "Pinkas, Karol"]
[Black "Kuligowski, Adam"]
[Result "0-1"]
[WhiteElo "2405"]
[BlackElo "2400"]
[PlyCount "88"]
[EventDate "1987.??.??"]
[Source "Polbase"]
[SourceDate "1999.10.27"]

1. e4 e6 2. d4 d5 3. Nc3 Bb4 4. e5 b6 5. Bd2 Qd7 6. Bb5 c6 7. Bd3 Ba6 8. Bxa6
Nxa6 9. Nf3 Bxc3 10. Bxc3 Ne7 11. Qd3 Qb7 12. O-O c5 13. a4 Nc6 14. Qe2 Rc8 15.
Ra3 Nab8 16. dxc5 bxc5 17. Qb5 Qb6 18. Rb3 Nd7 19. Re1 Qc7 20. Qa6 Rb8 21.
Rxb8+ Ncxb8 22. Qd3 Nc6 23. b3 h6 24. Bd2 O-O 25. Qe2 Rc8 26. Bc3 Qb6 27. Rd1
Qb8 28. Ba1 d4 29. Re1 Qb4 30. Bb2 Ne7 31. Bc1 c4 32. Bd2 Qc5 33. b4 Qd5 34.
Rd1 c3 35. Bf4 Rc4 36. Rb1 d3 37. Qe3 Nf5 38. Qxa7 dxc2 39. Re1 Rxf4 40. Qa6
Rxf3 41. gxf3 Nxe5 42. Qc8+ Kh7 43. Qxc3 Nxf3+ 44. Kf1 Nxe1 0-1

[Event "POL ch 44"]
[Site "Wroclaw"]
[Date "1987.??.??"]
[Round "5"]
[White "Przewoznik, Jan"]
[Black "Skrobek, Ryszard"]
[Result "1/2-1/2"]
[WhiteElo "2430"]
[BlackElo "2410"]
[PlyCount "137"]
[EventDate "1987.??.??"]
[Source "Polbase"]
[SourceDate "1999.10.27"]

1. f4 d5 2. Nf3 g6 3. g3 Bg7 4. Bg2 Nd7 5. O-O e5 6. fxe5 Nxe5 7. Nxe5 Bxe5 8.
c4 dxc4 9. Qa4+ c6 10. Qxc4 Be6 11. Qc2 h5 12. e3 h4 13. d4 Bc7 14. g4 h3 15.
Bf3 Nh6 16. Qe2 Nxg4 17. Bxg4 Qg5 18. e4 Qxg4+ 19. Qxg4 Bxg4 20. Bg5 Bd8 21.
Be3 Bb6 22. Nc3 Rd8 23. Rf4 Be6 24. Rd1 Rh5 25. Rf2 Rh4 26. a3 Bb3 27. Rdd2 Rd7
28. Rf3 f5 29. exf5 gxf5 30. Rxf5 Rg4+ 31. Kf2 Bxd4 32. Kf3 Bxe3 33. Re5+ Re7
34. Rxe7+ Kxe7 35. Kxe3 Be6 36. Rf2 a5 37. Ne4 b6 38. Ng3 Rg6 39. Ne4 Rg4 40.
Ng3 Rg6 41. Rf4 Rg4 42. Rxg4 Bxg4 43. Kf4 Be6 44. Ke5 a4 45. Ne4 Bd5 46. Nc3
Bb3 47. Ne4 Be6 48. Nc3 b5 49. Ne2 Bd5 50. Nd4 Bg2 51. b4 axb3 52. Nxb3 Kd7 53.
a4 bxa4 54. Nc5+ Kc7 55. Nxa4 Kb7 56. Kd6 Ka6 57. Kc5 Kb7 58. Nb2 Bd5 59. Nd3
Kc7 60. Nf4 Bg2 61. Nd3 Be4 62. Nf4 Bf5 63. Ne2 Kd7 64. Nf4 Kc7 65. Ne2 Bd3 66.
Nf4 Be4 67. Ne6+ Kd7 68. Nf4 Bg2 69. Nd3 1/2-1/2

[Event "POL ch 44"]
[Site "Wroclaw"]
[Date "1987.??.??"]
[Round "5"]
[White "Staniszewski, Piotr"]
[Black "Matlak, Marek"]
[Result "1-0"]
[WhiteElo "2420"]
[BlackElo "2390"]
[PlyCount "83"]
[EventDate "1987.??.??"]
[Source "Polbase"]
[SourceDate "1999.10.27"]

1. d4 d5 2. c4 e6 3. Nc3 c6 4. cxd5 exd5 5. Qc2 g6 6. Bf4 Bf5 7. Qd2 Bd6 8.
Bxd6 Qxd6 9. e3 Nf6 10. Nge2 h5 11. Ng3 Be6 12. Bd3 h4 13. Nge2 Nbd7 14. h3 Nh5
15. O-O O-O-O 16. Rfc1 Kb8 17. b4 Qxb4 18. Rab1 Qa5 19. Rb3 Bf5 20. Rcb1 Qc7
21. Bxf5 gxf5 22. Rxb7+ Qxb7 23. Rxb7+ Kxb7 24. Na4 Nb6 25. Nc5+ Ka8 26. Qc2
Ng7 27. Nf4 Rb8 28. Na6 Rb7 29. Qxc6 Rc8 30. Qf6 Ne8 31. Qxh4 Nc4 32. Nh5 Ned6
33. Nc5 Rb1+ 34. Kh2 Nd2 35. Ng3 N6e4 36. Ncxe4 dxe4 37. Qe7 Rcc1 38. Qe8+ Kb7
39. Qxf7+ Ka8 40. Qf8+ Kb7 41. Qf7+ Ka8 42. h4 1-0

[Event "POL ch 44"]
[Site "Wroclaw"]
[Date "1987.??.??"]
[Round "5"]
[White "Sygulski, Artur"]
[Black "Stempin, Pawel"]
[Result "1/2-1/2"]
[WhiteElo "2400"]
[BlackElo "2415"]
[PlyCount "83"]
[EventDate "1987.??.??"]
[Source "Polbase"]
[SourceDate "1999.10.27"]

1. d4 Nf6 2. g3 d5 3. Bg2 g6 4. c4 dxc4 5. Nf3 Bg7 6. Na3 c3 7. bxc3 O-O 8. O-O
c5 9. Rb1 Nc6 10. Ne5 Nd5 11. Qb3 Be6 12. Nxc6 bxc6 13. c4 Nf6 14. Bxc6 Rc8 15.
d5 Bf5 16. Rb2 Ne4 17. f3 Nd6 18. Bd2 Bxb2 19. Qxb2 Rb8 20. Qc3 Bh3 21. Rd1 Nf5
22. Nb5 a6 23. e4 Ng7 24. a4 f6 25. Be3 axb5 26. cxb5 Ne6 27. a5 Nd4 28. Bxd4
cxd4 29. Rxd4 Bc8 30. Ra4 Bb7 31. Qc4 Kg7 32. Ra2 Qd6 33. b6 Rfc8 34. Rc2 Qd8
35. Kg2 Ra8 36. Qa4 Rab8 37. Qb5 Ra8 38. Qa4 Rab8 39. Bxb7 Rxc2+ 40. Qxc2 Rxb7
41. Qc6 Qb8 42. f4 1/2-1/2

[Event "POL ch 44"]
[Site "Wroclaw"]
[Date "1987.??.??"]
[Round "5"]
[White "Sznapik, Aleksander"]
[Black "Schmidt, Wlodzimierz"]
[Result "1/2-1/2"]
[WhiteElo "2425"]
[BlackElo "2470"]
[PlyCount "33"]
[EventDate "1987.??.??"]
[Source "Polbase"]
[SourceDate "1999.10.27"]

1. e4 e6 2. d4 d5 3. Nd2 c5 4. exd5 exd5 5. Ngf3 Nc6 6. Bb5 Bd6 7. dxc5 Bxc5 8.
O-O Nge7 9. Nb3 Bd6 10. Bxc6+ bxc6 11. Qd4 O-O 12. Bf4 Nf5 13. Qd2 Qb6 14. Rfe1
Rd8 15. Rad1 Bb4 16. c3 Bf8 17. Be5 1/2-1/2

[Event "POL ch 44"]
[Site "Wroclaw"]
[Date "1987.??.??"]
[Round "6"]
[White "Bany, Jerzy"]
[Black "Sygulski, Artur"]
[Result "1/2-1/2"]
[WhiteElo "2430"]
[BlackElo "2400"]
[PlyCount "33"]
[EventDate "1987.??.??"]
[Source "Polbase"]
[SourceDate "1999.10.27"]

1. d4 Nf6 2. Nf3 g6 3. g3 Bg7 4. Bg2 O-O 5. O-O d6 6. b3 c5 7. Bb2 Ne4 8. Nbd2
Nxd2 9. Qxd2 Nc6 10. c4 cxd4 11. Nxd4 Nxd4 12. Bxd4 Bxd4 13. Qxd4 Qc7 14. Rac1
Qc5 15. Qxc5 dxc5 16. Rfd1 Rb8 17. Rd2 1/2-1/2

[Event "POL ch 44"]
[Site "Wroclaw"]
[Date "1987.??.??"]
[Round "6"]
[White "Dejkalo, Stefan"]
[Black "Sznapik, Aleksander"]
[Result "0-1"]
[WhiteElo "2395"]
[BlackElo "2425"]
[PlyCount "126"]
[EventDate "1987.??.??"]
[Source "Polbase"]
[SourceDate "1999.10.27"]

1. d4 Nf6 2. c4 c5 3. d5 b5 4. cxb5 a6 5. bxa6 Bxa6 6. Nc3 g6 7. Nf3 Bg7 8. e4
Bxf1 9. Kxf1 d6 10. h3 O-O 11. Kg1 Nbd7 12. Kh2 Qb6 13. Re1 Rfb8 14. Re2 Qa6
15. Bg5 h6 16. Bxf6 Bxf6 17. Rc1 Ne5 18. Nxe5 Bxe5+ 19. g3 Rb4 20. Rcc2 Rab8
21. Qc1 Bg7 22. Kg2 Rd4 23. b3 Rbb4 24. f3 c4 25. bxc4 Rdxc4 26. Nd1 Qxa2 27.
Rxa2 Rxc1 28. Ne3 Rbb1 29. f4 Bd4 30. Rad2 Bc5 31. Rd3 h5 32. h4 Rg1+ 33. Kf3
Kg7 34. Rc2 Rbe1 35. Rcc3 Ra1 36. Rc2 Ra4 37. Re2 Rga1 38. Rc3 R1a3 39. Rec2
Bd4 40. Rxa3 Rxa3 41. Re2 f5 42. Re1 Kf6 43. Re2 Rb3 44. Re1 Kf7 45. Re2 Ke8
46. Re1 Kd7 47. Re2 Kc7 48. Re1 Kb6 49. Re2 Rc3 50. Re1 Kc5 51. Re2 fxe4+ 52.
Kxe4 Rxe3+ 53. Rxe3 Bxe3 54. Kxe3 Kxd5 55. f5 gxf5 56. Kf4 Ke6 57. Kg5 d5 58.
Kxh5 d4 59. Kg6 d3 60. h5 d2 61. h6 d1=Q 62. h7 Qg4+ 63. Kh6 Kf7 0-1

[Event "POL ch 44"]
[Site "Wroclaw"]
[Date "1987.??.??"]
[Round "6"]
[White "Kuligowski, Adam"]
[Black "Przewoznik, Jan"]
[Result "1-0"]
[WhiteElo "2400"]
[BlackElo "2430"]
[PlyCount "167"]
[EventDate "1987.??.??"]
[Source "Polbase"]
[SourceDate "1999.10.27"]

1. Nf3 Nf6 2. c4 e6 3. g3 d5 4. b3 Be7 5. Bg2 O-O 6. O-O c5 7. e3 Nc6 8. Bb2 b6
9. Qe2 Bb7 10. Rd1 dxc4 11. bxc4 Qc7 12. Nc3 Rad8 13. d3 a6 14. Rab1 Na7 15.
Ba1 Bc6 16. a4 Rb8 17. d4 Ne4 18. Qc2 Nxc3 19. Bxc3 cxd4 20. exd4 Bxf3 21. Bxf3
Qxc4 22. d5 Bf6 23. Rb3 Rfd8 24. Be2 Qc5 25. dxe6 Rxd1+ 26. Qxd1 Bxc3 27. exf7+
Kxf7 28. Qd7+ Kg8 29. Qxa7 Re8 30. Qxa6 Bd4 31. Rf3 Kh8 32. Qd3 h6 33. Bf1 Rd8
34. Kg2 Bf6 35. Qe2 Qe5 36. Qc2 Qb2 37. Qxb2 Bxb2 38. Bd3 Bd4 39. h4 Bc5 40. h5
Rf8 41. Bf5 Ra8 42. Rf4 Rf8 43. g4 Rd8 44. Re4 Kg8 45. Be6+ Kh7 46. Bf7 Rf8 47.
Bg6+ Kg8 48. f4 Rd8 49. Re5 Bd4 50. Re6 Bc5 51. Kf3 Ra8 52. Re4 Rd8 53. Re5 Bd4
54. Re6 Bc5 55. Rc6 Bg1 56. Re6 Bc5 57. g5 hxg5 58. fxg5 Rf8+ 59. Ke4 Ra8 60.
Be8 Rd8 61. Bb5 Rd4+ 62. Ke5 Rd8 63. Rc6 Be3 64. Kf5 Kh7 65. Re6 Bd4 66. Bc6
Bc5 67. Be4 Kh8 68. Rc6 Bd4 69. Kg6 Kg8 70. Bf5 Kf8 71. Rc7 Rd5 72. Be4 Rc5 73.
Bc6 Be5 74. Rf7+ Kg8 75. Be4 Rc7 76. Rf5 Bd6 77. Rb5 Rc5 78. Rxb6 Bf4 79. Rb5
Rxb5 80. axb5 Be3 81. Bd5+ Kh8 82. h6 gxh6 83. Kxh6 Bb6 84. Kg6 1-0

[Event "POL ch 44"]
[Site "Wroclaw"]
[Date "1987.??.??"]
[Round "6"]
[White "Matlak, Marek"]
[Black "Kuczynski, Robert"]
[Result "1/2-1/2"]
[WhiteElo "2390"]
[BlackElo "2450"]
[PlyCount "65"]
[EventDate "1987.??.??"]
[Source "Polbase"]
[SourceDate "1999.10.27"]

1. Nf3 f5 2. d4 d6 3. g3 Nf6 4. Bg2 c6 5. O-O Qc7 6. c4 e5 7. dxe5 dxe5 8. Nc3
Bb4 9. Qc2 O-O 10. a3 Be7 11. Rd1 a5 12. Na4 Ne4 13. Be3 Nd7 14. c5 Ndf6 15.
Nb6 Rb8 16. Qc4+ Kh8 17. Ng5 Nxg5 18. Bxg5 f4 19. gxf4 h6 20. fxe5 hxg5 21.
exf6 Rxf6 22. Nxc8 Rxc8 23. Rd3 Rh6 24. Rh3 Qe5 25. Rd1 Bxc5 26. Qc3 Qxc3 27.
Rxc3 b6 28. Rh3 Rxh3 29. Bxh3 Rf8 30. e3 Be7 31. Bg2 c5 32. a4 Rd8 33. Rxd8+
1/2-1/2

[Event "POL ch 44"]
[Site "Wroclaw"]
[Date "1987.??.??"]
[Round "6"]
[White "Schmidt, Wlodzimierz"]
[Black "Pinkas, Karol"]
[Result "1-0"]
[WhiteElo "2470"]
[BlackElo "2405"]
[PlyCount "87"]
[EventDate "1987.??.??"]
[Source "Polbase"]
[SourceDate "1999.10.27"]

1. d4 d5 2. Nf3 Nf6 3. c4 c6 4. Nc3 e6 5. Bg5 Nbd7 6. e3 Qa5 7. Nd2 Ne4 8.
Ncxe4 dxe4 9. Bh4 Bb4 10. a3 Bxd2+ 11. Qxd2 Qxd2+ 12. Kxd2 c5 13. Be2 b6 14.
Rhd1 f6 15. Bg3 Ba6 16. b4 Ke7 17. dxc5 bxc5 18. Kc3 e5 19. f4 exf3 20. Bxf3
Rab8 21. Bc6 Nb6 22. b5 Bc8 23. e4 Bg4 24. Bf2 Bxd1 25. Rxd1 Ke6 26. Bxc5 Na4+
27. Kb4 Nxc5 28. Kxc5 Rhd8 29. Bd5+ Ke7 30. Kb4 h5 31. c5 g6 32. c6 Kd6 33. a4
f5 34. a5 f4 35. Kc4 g5 36. Rb1 Rdc8 37. Rd1 Rd8 38. Bf7+ Kc7 39. Rxd8 Rxd8 40.
Kc5 Rb8 41. Bxh5 Rh8 42. b6+ Kb8 43. Bg4 axb6+ 44. axb6 1-0

[Event "POL ch 44"]
[Site "Wroclaw"]
[Date "1987.??.??"]
[Round "6"]
[White "Skrobek, Ryszard"]
[Black "Maciejewski, Miroslaw"]
[Result "0-1"]
[WhiteElo "2410"]
[BlackElo "2285"]
[PlyCount "54"]
[EventDate "1987.??.??"]
[Source "Polbase"]
[SourceDate "1999.10.27"]

1. e4 c5 2. Nf3 e6 3. d4 cxd4 4. Nxd4 Nc6 5. Be3 Nf6 6. Bd3 d5 7. exd5 exd5 8.
O-O Bd6 9. h3 O-O 10. Nd2 Re8 11. c3 Ne5 12. Bf5 a6 13. Qb3 h6 14. Rad1 Qc7 15.
Bxc8 Raxc8 16. Nf5 Bf8 17. Bd4 Bc5 18. Bxc5 Qxc5 19. Qxb7 Rb8 20. Qxa6 Rxb2 21.
Nxh6+ Kh7 22. Nf5 Qxc3 23. Nb3 Re6 24. Qa3 Ne4 25. Rc1 Nf3+ 26. Kh1 Rxf2 27.
Qf8 Rxf1+ 0-1

[Event "POL ch 44"]
[Site "Wroclaw"]
[Date "1987.??.??"]
[Round "6"]
[White "Stempin, Pawel"]
[Black "Juroszek, Tadeusz"]
[Result "1-0"]
[WhiteElo "2415"]
[BlackElo "2320"]
[PlyCount "75"]
[EventDate "1987.??.??"]
[Source "Polbase"]
[SourceDate "1999.10.27"]

1. d4 Nf6 2. Nf3 d5 3. c4 c6 4. Nc3 e6 5. Bg5 dxc4 6. e4 b5 7. e5 h6 8. Bh4 g5
9. Nxg5 Nd5 10. Nxf7 Qxh4 11. Nxh8 Bb4 12. Qd2 c5 13. dxc5 Nd7 14. O-O-O Nxe5
15. f4 Qxf4 16. Qxf4 Nxf4 17. g3 Nfd3+ 18. Bxd3 Nxd3+ 19. Kc2 Bxc3 20. Kxc3 Nf2
21. c6 e5 22. Ng6 Bf5 23. Nxe5 Nxh1 24. Rxh1 O-O-O 25. Rf1 Be4 26. Rf4 Bh1 27.
Rf7 a5 28. Re7 Rd1 29. g4 Bg2 30. h4 Rd6 31. c7 Bf1 32. a3 Rb6 33. Kd4 Rb7 34.
Nf7 Rxc7 35. Nd6+ Kd8 36. Rxc7 Kxc7 37. Nxb5+ Kc6 38. Nc3 1-0

[Event "POL ch 44"]
[Site "Wroclaw"]
[Date "1987.??.??"]
[Round "6"]
[White "Tomaszewski, Roman"]
[Black "Hawelko, Marek"]
[Result "1-0"]
[WhiteElo "2380"]
[BlackElo "2460"]
[PlyCount "111"]
[EventDate "1987.??.??"]
[Source "Polbase"]
[SourceDate "1999.10.27"]

1. d4 Nf6 2. c4 e6 3. Nf3 b6 4. a3 Bb7 5. Nc3 d5 6. cxd5 exd5 7. Bf4 Nh5 8. Bg5
Be7 9. Bxe7 Qxe7 10. Qa4+ Bc6 11. Qb3 Nf6 12. Ne5 Bb7 13. Qa4+ c6 14. e3 O-O
15. Be2 Rc8 16. O-O Nbd7 17. Nxd7 Qxd7 18. Rfd1 Qe7 19. b4 h5 20. Qb3 Rd8 21.
a4 Rd6 22. b5 Re8 23. bxc6 Bxc6 24. h3 Bd7 25. Nb5 Bxb5 26. Bxb5 Red8 27. f3
Nh7 28. Rac1 Nf8 29. Re1 Ng6 30. g3 Nf8 31. Kf2 Rg6 32. h4 Nh7 33. Qc3 Re6 34.
Qc7 Qf6 35. Qf4 Qe7 36. Qc7 Qf6 37. Qf4 Qe7 38. Rc7 Qf8 39. Rec1 Nf6 40. Qf5
Re7 41. R7c6 Ree8 42. R6c3 Re6 43. Qc2 g6 44. Qb3 Ne8 45. Rc8 Qe7 46. R1c6 Rxc6
47. Rxc6 Kg7 48. Qc2 Nd6 49. Rc7 Qe6 50. Bd3 Qh3 51. Qc6 Qh2+ 52. Kf1 Qd2 53.
Be2 Nf5 54. Qc1 Nxe3+ 55. Kf2 Qxd4 56. Qxe3 1-0

[Event "POL ch 44"]
[Site "Wroclaw"]
[Date "1987.??.??"]
[Round "7"]
[White "Hawelko, Marek"]
[Black "Stempin, Pawel"]
[Result "1/2-1/2"]
[WhiteElo "2460"]
[BlackElo "2415"]
[PlyCount "62"]
[EventDate "1987.??.??"]
[Source "Polbase"]
[SourceDate "1999.10.27"]

1. e4 c5 2. Nf3 d6 3. d4 cxd4 4. Nxd4 Nf6 5. Nc3 a6 6. f4 e5 7. Nf3 Nbd7 8. a4
Be7 9. Bc4 Qa5 10. Qe2 O-O 11. Ba2 exf4 12. O-O Ne5 13. Bxf4 Qb6+ 14. Kh1 Qxb2
15. Nxe5 Qxc3 16. Nxf7 Rxf7 17. e5 Bg4 18. Bxf7+ Kxf7 19. Qxg4 Qxa1 20. Qf3
Qxa4 21. exf6 gxf6 22. Bg5 Qc6 23. Qf5 Rg8 24. Re1 Rxg5 25. Qxh7+ Rg7 26. Rxe7+
Kxe7 27. Qxg7+ Ke6 28. Qg8+ Ke5 29. Qg3+ Ke6 30. Qg8+ Ke5 31. Qg3+ Ke6 1/2-1/2

[Event "POL ch 44"]
[Site "Wroclaw"]
[Date "1987.??.??"]
[Round "7"]
[White "Juroszek, Tadeusz"]
[Black "Bany, Jerzy"]
[Result "0-1"]
[WhiteElo "2320"]
[BlackElo "2430"]
[PlyCount "74"]
[EventDate "1987.??.??"]
[Source "Polbase"]
[SourceDate "1999.10.27"]

1. e4 e6 2. d4 d5 3. Nc3 Bb4 4. exd5 exd5 5. Bd3 Nc6 6. Nge2 Bg4 7. h3 Bh5 8.
Be3 Nf6 9. Qd2 O-O 10. Nf4 Bg6 11. Nxg6 hxg6 12. a3 Bd6 13. O-O Qd7 14. Rae1
Rae8 15. f4 Ne7 16. g4 c6 17. Qg2 b5 18. f5 b4 19. axb4 Bxb4 20. Bg5 Nh7 21.
Bxe7 Rxe7 22. fxg6 fxg6 23. Bxg6 Rxe1 24. Bxh7+ Kxh7 25. Rxe1 Qd6 26. Re5 Kg8
27. Nd1 Bc5 28. Re2 Bxd4+ 29. Kh1 Qf4 30. c3 Bb6 31. Re1 Kh8 32. g5 g6 33. b3
Rf5 34. c4 Rxg5 35. Qe2 Kg7 36. Nc3 Rg3 37. Qe7+ Kh6 0-1

[Event "POL ch 44"]
[Site "Wroclaw"]
[Date "1987.??.??"]
[Round "7"]
[White "Kuczynski, Robert"]
[Black "Adamski, Jan"]
[Result "1-0"]
[WhiteElo "2450"]
[BlackElo "2420"]
[PlyCount "85"]
[EventDate "1987.??.??"]
[Source "Polbase"]
[SourceDate "1999.10.27"]

1. e4 c5 2. Nf3 e6 3. d4 cxd4 4. Nxd4 Nf6 5. Nc3 d6 6. Be2 Be7 7. O-O a6 8. f4
Qc7 9. Kh1 O-O 10. a4 b6 11. Qd3 Bb7 12. Qh3 Nbd7 13. Bd3 Nc5 14. Bd2 Nxd3 15.
cxd3 Rac8 16. Be3 Nd7 17. Rf3 Bf6 18. Rg3 Qd8 19. Rf1 Qe7 20. f5 Rce8 21. Nf3
exf5 22. Qxf5 g6 23. Qh3 Qe6 24. Qh6 Bg7 25. Qh4 Qe7 26. Bg5 f6 27. Rh3 Bh8 28.
Bh6 Bg7 29. Be3 Bh8 30. Bh6 Bg7 31. Bf4 h5 32. Qg3 Ne5 33. Bxe5 fxe5 34. Qxg6
Rf6 35. Qg3 Qf7 36. Qh4 Bc8 37. Rg3 Bg4 38. h3 Qe7 39. Rg1 Rxf3 40. Qxe7 Rxe7
41. gxf3 Be6 42. Nd5 Bxd5 43. exd5 1-0

[Event "POL ch 44"]
[Site "Wroclaw"]
[Date "1987.??.??"]
[Round "7"]
[White "Maciejewski, Miroslaw"]
[Black "Kuligowski, Adam"]
[Result "0-1"]
[WhiteElo "2285"]
[BlackElo "2400"]
[PlyCount "52"]
[EventDate "1987.??.??"]
[Source "Polbase"]
[SourceDate "1999.10.27"]

1. d4 Nf6 2. Nf3 c5 3. d5 g6 4. Nc3 Bg7 5. e4 O-O 6. Be2 d6 7. O-O Na6 8. Re1
Nc7 9. Bf4 b6 10. h3 Bb7 11. Bc4 a6 12. a4 Qd7 13. e5 Nh5 14. Bg5 f6 15. e6 Qe8
16. Bc1 f5 17. Qd3 b5 18. axb5 Bxc3 19. Qxc3 axb5 20. Rxa8 Qxa8 21. Bb3 c4 22.
Bh6 Nxd5 23. Qd4 Rf6 24. g4 fxg4 25. hxg4 Rxf3 26. gxh5 Nf6 0-1

[Event "POL ch 44"]
[Site "Wroclaw"]
[Date "1987.??.??"]
[Round "7"]
[White "Panczyk, Krzysztof"]
[Black "Matlak, Marek"]
[Result "1/2-1/2"]
[WhiteElo "2410"]
[BlackElo "2390"]
[PlyCount "103"]
[EventDate "1987.??.??"]
[Source "Polbase"]
[SourceDate "1999.10.27"]

1. d4 d5 2. c4 e6 3. Nf3 c6 4. Qc2 dxc4 5. Qxc4 b5 6. Qb3 Nf6 7. g3 Bb7 8. Bg2
Nbd7 9. O-O Be7 10. Rd1 O-O 11. Nc3 b4 12. Na4 Qa5 13. a3 c5 14. axb4 cxb4 15.
Bf4 Bd5 16. Qd3 Be4 17. Qb3 Qd5 18. Qxd5 Bxd5 19. Ne5 Bxg2 20. Kxg2 Rfc8 21.
Nxd7 Nxd7 22. Rac1 Kf8 23. e4 Ke8 24. d5 Nc5 25. Nxc5 Bxc5 26. dxe6 fxe6 27.
Bd6 Bxd6 28. Rxc8+ Rxc8 29. Rxd6 Ke7 30. Ra6 Rc2 31. Rxa7+ Kf8 32. Rb7 Rxb2 33.
Kf3 b3 34. Ke3 e5 35. Rb5 Rb1 36. Kd3 b2 37. Kc3 Re1 38. Rxb2 Rxe4 39. Kd3 Ra4
40. Rb5 Ra3+ 41. Ke4 Ra2 42. Kf3 Ra3+ 43. Kg2 e4 44. Rf5+ Kg8 45. h4 e3 46. Re5
e2 47. Rxe2 h5 48. f4 Kf7 49. Re5 g6 50. Kh3 Kf6 51. Rg5 Ra8 52. Re5 1/2-1/2

[Event "POL ch 44"]
[Site "Wroclaw"]
[Date "1987.??.??"]
[Round "7"]
[White "Pinkas, Karol"]
[Black "Dejkalo, Stefan"]
[Result "1-0"]
[WhiteElo "2405"]
[BlackElo "2395"]
[PlyCount "77"]
[EventDate "1987.??.??"]
[Source "Polbase"]
[SourceDate "1999.10.27"]

1. e4 d5 2. exd5 Nf6 3. d4 Nxd5 4. Nf3 g6 5. Be2 Bg7 6. O-O O-O 7. c4 Nb6 8. h3
Nc6 9. Be3 e5 10. d5 e4 11. Ng5 Bxb2 12. Nd2 Nd4 13. Rb1 Nxe2+ 14. Qxe2 Bg7 15.
Ngxe4 h6 16. Nc5 Qh4 17. Rbc1 Nd7 18. Rfe1 b6 19. Nd3 Bb7 20. Nf3 Qd8 21. Bf4
c6 22. d6 Re8 23. Qd2 g5 24. Rxe8+ Qxe8 25. Re1 Qf8 26. Bg3 Rd8 27. h4 g4 28.
Nh2 Nf6 29. c5 Bc8 30. Ne5 Bd7 31. cxb6 axb6 32. Nxd7 Rxd7 33. Qb4 b5 34. Nxg4
Nd5 35. Nxh6+ Kh7 36. Qg4 Nf6 37. Qf5+ Kh8 38. Be5 Rxd6 39. Bxd6 1-0

[Event "POL ch 44"]
[Site "Wroclaw"]
[Date "1987.??.??"]
[Round "7"]
[White "Przewoznik, Jan"]
[Black "Schmidt, Wlodzimierz"]
[Result "1/2-1/2"]
[WhiteElo "2430"]
[BlackElo "2470"]
[PlyCount "31"]
[EventDate "1987.??.??"]
[Source "Polbase"]
[SourceDate "1999.10.27"]

1. e4 e6 2. d4 d5 3. Nd2 c5 4. exd5 exd5 5. Ngf3 Nc6 6. Bb5 Bd6 7. dxc5 Bxc5 8.
O-O Nge7 9. Nb3 Bd6 10. Bg5 O-O 11. Re1 Bg4 12. Be2 h6 13. Bxe7 Bxe7 14. h3 Bh5
15. Nh2 Bg6 16. c3 1/2-1/2